000 00288nam a2200121Ia 4500
005 20251222143142.0
008 251222s9999||||xx |||||||||||||| ||spa||
082 _a410/R78
100 _aRojas, Óbico
245 0 _aEstudios de Lingüística general
264 _bSan Marcos
942 _cLIB
999 _c12349
_d12349